House prices fall again in February but low base rates boost borrowers' expectations (Record no. 113279)

MARC details
000 -LEADER
fixed length control field 01116cad a22002175a 4500
001 - CONTROL NUMBER
control field L155006
008 - FIXED-LENGTH DATA ELEMENTS--GENERAL INFORMATION
fixed length control field 120217s2012 xxk f 000 0 eng d
035 ## - SYSTEM CONTROL NUMBER
System control number (Sirsi) u155006
041 0# - LANGUAGE CODE
Language code of text/sound track or separate title eng
110 2# - MAIN ENTRY--CORPORATE NAME
Corporate name or jurisdiction name as entry element Knight Frank
9 (RLIN) 1530
245 00 - TITLE STATEMENT
Title House prices fall again in February but low base rates boost borrowers' expectations
Medium [electronic resource]
260 ## - PUBLICATION, DISTRIBUTION, ETC.
Place of publication, distribution, etc. London
Name of publisher, distributor, etc. Knight Frank
-- 2012
490 #0 - SERIES STATEMENT
Series statement Knight Frank/Markit House Price Sentiment Index
Volume/sequential designation February 2012
520 ## - SUMMARY, ETC.
Summary, etc. UK house prices fell in February 2012 for 20 consecutive months. Property values are perceived to have fallen in all regions with sharpest decline in confidence in Wales, Yorkshire and Humber. Mortgage borrowers expect prices to rise over next 12 months whilst those who own home outright expect prices to fall.
590 ## - LOCAL NOTE (RLIN)
Local note KA
651 #4 - SUBJECT ADDED ENTRY--GEOGRAPHIC NAME
Geographic name United Kingdom
Chronological subdivision
690 ## - LOCAL SUBJECT ADDED ENTRY--TOPICAL TERM (OCLC, RLIN)
Topical term or geographic name as entry element Residential property
9 (RLIN) 6266
710 ## - ADDED ENTRY--CORPORATE NAME
Corporate name or jurisdiction name as entry element Markit
9 (RLIN) 5915
856 40 - ELECTRONIC LOCATION AND ACCESS
Uniform Resource Identifier <a href="https://resources.knightfrank.com/getnewsresource.ashx?id=f37f94f4-bb7b-4167-bde2-73d6338c0f8a&type=1">https://resources.knightfrank.com/getnewsresource.ashx?id=f37f94f4-bb7b-4167-bde2-73d6338c0f8a&type=1</a>
Public note View this item free of charge at www.resources.knightfrank.com
942 ## - ADDED ENTRY ELEMENTS (KOHA)
Suppress in OPAC 0
Holdings
Withdrawn status Lost status Source of classification or shelving scheme Damaged status Not for loan Home library Current library Shelving location Date acquired Total Checkouts Full call number Barcode Date last seen Copy number Price effective from Koha item type
    Dewey Decimal Classification     Virtual Virtual Online 17/02/2012   ONLINE PUBLICATION 155006-2001 06/08/2019 1 06/08/2019 Book